Die kunst des Islam /

Bibliographic Details
Main Author: Glück, Heinrich, 1889-1930
Other Authors: Diez, Ernst, 1878-1961
Format: Book
Language:German
Published: Berlin : Propylaen-verlag, [1925]
Series:Propylaen Kunstgeschichte (Berlin, 1923- ) ; 5.
Subjects:

MARC

Tag First Indicator Second Indicator Subfields
LEADER 00000cam a2200000 4500
001 in00000349421
005 20151011073303.0
008 740509s1925 gerabe 00010 ger
010 |a  26009666  
035 |a (OCoLC)00881350 
035 |9 ABP3082AM 
040 |a DLC  |c MIA  |d TXA  |d UtOrBLW 
049 |a TXAS  |c [60055] 
050 0 0 |a N6260  |b .G6 
090 |a N5300  |b .P76 Bd.5 
100 1 |a Glück, Heinrich,  |d 1889-1930. 
245 1 4 |a Die kunst des Islam /  |c von Heinrich Gluck and Ernst Diez. 
264 1 |a Berlin :  |b Propylaen-verlag,  |c [1925] 
264 4 |c [©1925] 
300 |a 617 pages :  |b illustrations (part color; including maps, plans) XXXIX plate (part color mounted) ;  |c 29 cm. 
336 |a text  |b txt  |2 rdacontent 
337 |a unmediated  |b n  |2 rdamedia 
338 |a volume  |b nc  |2 rdacarrier 
490 1 |a Propylaen-kunstgeschichte. (Berlin 1923- ;  |v 5) 
650 0 |a Islamic art. 
700 1 |a Diez, Ernst,  |d 1878-1961. 
830 0 |a Propylaen Kunstgeschichte (Berlin, 1923- ) ;  |v 5. 
999 |a MARS 
999 f f |s f9d1cabb-2efe-39a4-ab7e-e485cb3fee33  |i 11b92736-5539-39d8-90d1-ac7c2d793c5c  |t 0 
952 f f |p noncirc  |a Texas A&M University  |b College Station  |c Cushing Memorial Library & Archives  |d Cushing: Rare Books (Does not check out)  |t 0  |e N5300 .P76 Bd.5  |h Library of Congress classification  |i unmediated -- volume  |m A14800376319 
998 f f |a N5300 .P76 Bd.5  |t 0  |l Cushing: Rare Books (Does not check out)